| 000 | 01309cam a2200325 i 4500 | ||
|---|---|---|---|
| 001 | 41979 | ||
| 003 | Mx-PuUPA | ||
| 005 | 20260507095310.0 | ||
| 008 | 140415s2019 mx a gr 001 0 spa d | ||
| 020 | _a9786071736079 | ||
| 040 |
_aMx-PuUPA _bspa _cMx-PuUPA _dMx-PuUPA _erda |
||
| 041 | 0 | _aspa | |
| 100 | 1 |
_aHernández Centeno, Leticia, _917986 _eautor |
|
| 245 | 1 | 0 |
_aCuidados paliativos en enfermería : _bguía práctica para la enfermera y familiares del paciente para el cuidado en casa / _cLeticia Hernández Centeno, Rebeca Bravo Cabañas, Inés González Hernández, Ricardo Plancarte Sánches, autores |
| 250 | _aSegunda edición | ||
| 264 | 1 |
_aCiudad de México : _bEditorial Trillas, _c2019 |
|
| 300 |
_a160 páginas : _bilustraciones (blanco y negro) ; _c23 cm |
||
| 336 |
_2rdacontent _atexto _btxt |
||
| 337 |
_2rdamedia _asin medio _bn |
||
| 338 |
_2rdacarrier _avolumen _bnc |
||
| 500 | _aReimpresiones: (enero, 2022). | ||
| 650 | 7 |
_2armarc _aAtención al enfermo _xAspectos psicológicos |
|
| 650 | 7 |
_2armarc _aEnfermería práctica |
|
| 700 | 1 |
_aBravo Cabañas, Rebeca, _eautor |
|
| 700 | 1 |
_aGonzález Hernández, Inés, _eautor |
|
| 700 | 1 |
_aPlancarte Sánchez, Ricardo, _eautor |
|
| 942 |
_2ddc _cLI _h616.029 _iH53 |
||
| 999 |
_c41979 _d41979 |
||